000 00653nam a2200229Ia 4500
003 OSt
005 20221005121301.0
006 a|||||r|||| 00| 0
007 ta
008 221004b |||||||| |||| 00| 0 eng d
024 _a58523
037 _cTextual
040 _aCRL
_cCRL
_beng
041 _2eng
_aeng
082 _aU8:1(Q7).3, 122J7
100 _aAbuil-Hasan'Ali B Abi Bakral-Harawi
_9630333
245 0 _aGuide des lieux de pelerinage tr by Janine sourdel - Thomine.
260 _c1957
650 _aGEOGRAPHY
942 _hU8:1(Q7).3, 122J7
_cTEXL
_2cc
999 _c1040651
_d1040651